Teaching with style: a practical guide to enhancing learning by understanding teaching and learning styles

Guardat en:
Dades bibliogràfiques
Autor principal: Grasha, Anthony F (Autor)
Format: Llibre
Idioma:anglès
Publicat: Pittsburgh Alliance Publishers 1996
Col·lecció:Curriculum for Change Series
Matèries:
Etiquetes: Afegir etiqueta
Sense etiquetes, Sigues el primer a etiquetar aquest registre!

MARC

LEADER 00000nam a2200000 a 4500
001 UCO5314
003 CL-VaPUC
008 000901e19960000US |||||||||||||||||eng|d
082 0 4 |a 371.102  |b GRA  |2 21 
100 0 |a Grasha, Anthony F  |e author  |9 450102 
245 1 0 |a Teaching with style: a practical guide to enhancing learning by understanding teaching and learning styles 
300 |a 372 p 
942 |c BK 
945 |d 20000901 00:00:00  |a rbrito 
260 |a Pittsburgh  |b Alliance Publishers  |c 1996 
650 7 |a HABILIDADES PEDAGOGICAS  |2 CL-VaPUC  |9 370851 
650 0 |a Métodos de enseñanza  |9 270413 
583 |a last modification  |c 20170927 10:39:13  |k Rodrigo Vera 
490 0 |a Curriculum for Change Series 
999 |c 291215  |d 291213 
952 |0 0  |1 0  |4 0  |6 371_102000000000000_GRA_1996  |7 0  |8 A  |9 340992  |a FDOPOS  |b FDOPOS  |d 2019-11-20  |i 3642453  |o 371.102 GRA 1996  |p 3642453  |r 2025-01-22  |w 2019-11-20  |y BK  |k MLA